000 01192naa a22003257a 4500
001 BR8705840
003 BR-BrBNA
005 20250721154524.0
007 ta
008 250630b bl.|||m| |||| 00| 0 por d
040 _aBR-BrBNA
_bpor
_cBiblioteca Nacional de Agricultura
041 _a(Pt)
072 _aF02
_b2480
_b3530
090 _aF02 BR8705840
100 1 _aGoncalves, P. de S.
100 1 _aPaiva, J.R. de
100 1 _aRodrigues, F.M.
100 1 _aSouza, R.F. de
111 1 _a1. Seminario Agropecuario do Acre
_cRio Branco, AC (Brazil)
_d13-17 Jun 1983
245 1 _aPreparo e utilizacao do toco-alto-avancado na recuperacao de plantios de seringueira
500 _a1. Seminario Agropecuario do Acre. Anais Rio Branco, AC (Brasil): 1983. p. 307-318 [14 illus.] (BR8705840-AMS)
773 0 _t1. Seminario Agropecuario do Acre. Anais
_wF02 BR8705840
_gRio Branco, AC (Brasil), 1983. p. 307-318
650 _aSERINGUEIRA
650 _aMUDA
650 _aPLANTIO
650 _aESPACAMENTO
490 _aDocumentos - Unidade de Execucao de Pesquisa de Ambito Estadual de Rio Branco (Brazil)
_vno. 4
942 _cAMS
_2AGRIS
909 _a202506
_bLúcia
_c55
_dLúcia Elande
999 _c335335
_d335335